000 00569nam a2200169 4500
001 131622
003 ES-MaACL
005 20230906194021.0
007 t|
008 070214s1972 sp r ||||1| spa d
100 1 _aRodríguez Guarnizo, Joaquín.
_998566
245 1 0 _aEstudio didáctico de la constitución de la materia /
_cJoaquín Rodríguez Guarnizo.
260 _aMadrid :
_bFacultad de Ciencias,
_c1972.
300 _a99 p. :
_bil. ;
_c31 cm.
710 2 _aUniversidad Central (Madrid).
_bFacultad de Ciencias.
_97088
852 _aES-MaACL
_jC-43272
_bR.80726
999 _c131622
_d131622